| 000 | 004990000a22001570004500 | ||
|---|---|---|---|
| 090 |
_aAR _b01305 |
||
| 245 | 1 | 0 | _aAspects of altitudinal distribution of chiropterans in the eastern andean cordillera of Colombia |
| 650 | 1 | 4 |
_aDistribución altitudinal _94375 |
| 650 | 1 | 4 |
_aMurciélagos _92659 |
| 651 | 4 |
_pColombia _992749 |
|
| 041 | 0 | _aInglés | |
| 700 | 1 |
_aValdivieso, Darío _994561 |
|
| 100 | 1 |
_aTamsitt, J. R. _994562 |
|
| 942 | _cARTICULO | ||
| 773 | 1 |
_tAmerican Zoologist _3477 _h4 _q492-492 _d1965 _g5 |
|
| 999 |
_c10390 _d10390 |
||